[Event "AUT-ch U14 Girls"]
[Site "St Veit"]
[Date "2023.06.10"]
[Round "6"]
[White "Wiessner, Elisabeth"]
[Black "Giselbrecht, Leefke"]
[Result "1/2-1/2"]
[WhiteElo "1031"]
[BlackElo "1346"]
[PlyCount "80"]
[EventDate "2023.06.08"]
[EventType "swiss"]
[EventRounds "7"]
[EventCountry "AUT"]
[SourceTitle "EXT 2024"]
[Source "ChessBase"]
[SourceDate "2023.10.10"]
[SourceVersion "1"]
[SourceVersionDate "2023.10.10"]
[SourceQuality "1"]

1. e4 c5 2. Be2 Nc6 3. d3 g6 4. f4 Bg7 5. Nf3 e6 6. c3 d5 7. 0-0 Nge7 8. Nbd2 0-0 9. Kh1 b6 10. Qe1 Bb7 11. Nb3 Rc8 12. Be3 Re8 13. Rd1 Qc7 14. Ng5 h6 15. Nh3 h5 16. Bf2 dxe4 17. dxe4 Rcd8 18. Bg3 Qc8 19. Bf3 Rxd1 20. Qxd1 Rd8 21. Qc2 Kf8 22. Rd1 Rd7 23. Rd2 Qd8 24. Qd1 Nb8 25. Kg1 Qc8 26. Rxd7 Qxd7 27. Qxd7 Nxd7 28. Nd2 b5 29. Kf2 b4 30. cxb4 cxb4 31. Nc4 Nc5 32. Ke3 Nc8 33. Nf2 Bf6 34. Nd3 Nxd3 35. Kxd3 Ba6 36. b3 Bd8 37. Be2 Bb6 38. Kc2 Bc5 39. Bd3 Bb7 40. Na5 Ba8 1/2-1/2

[Event "AUT-ch U14 Girls"]
[Site "St Veit"]
[Date "2023.06.08"]
[Round "1"]
[White "Theurl, Rafaela"]
[Black "Wiessner, Elisabeth"]
[Result "0-1"]
[WhiteElo "1593"]
[BlackElo "1031"]
[PlyCount "88"]
[EventDate "2023.06.08"]
[EventType "swiss"]
[EventRounds "7"]
[EventCountry "AUT"]
[SourceTitle "EXT 2024"]
[Source "ChessBase"]
[SourceDate "2023.10.10"]
[SourceVersion "1"]
[SourceVersionDate "2023.10.10"]
[SourceQuality "1"]

1. Nf3 d5 2. c4 d4 3. g3 Nc6 4. Bg2 e5 5. d3 Bc5 6. 0-0 Nge7 7. Bd2 0-0 8. a3 a5 9. Be1 Bb6 10. Nbd2 f5 11. Nb3 Qd6 12. Rc1 Bc5 13. Nxc5 Qxc5 14. Qa4 Bd7 15. b4 axb4 16. Bxb4 Nxb4 17. Qxb4 Qxb4 18. axb4 Ng6 19. Ra1 Bc6 20. Rfd1 Rfe8 21. b5 Rxa1 22. Rxa1 Bxf3 23. exf3 c6 24. bxc6 bxc6 25. Ra6 Rc8 26. f4 exf4 27. Rxc6 Rxc6 28. Bxc6 fxg3 29. hxg3 Ne5 30. Bd5+ Kf8 31. Kf1 Nxd3 32. Ke2 Nb4 33. Kd2 Ke7 34. f4 Nxd5 35. cxd5 Kd6 36. Ke2 Kxd5 37. Kd3 h6 38. Ke2 Ke4 39. Kf2 d3 40. Ke1 Ke3 41. Kd1 d2 42. g4 fxg4 43. f5 g3 44. f6 gxf6 0-1

[Event "AUT-ch U12 Girls"]
[Site "St Veit"]
[Date "2021.10.25"]
[Round "1.6"]
[White "Wiessner, Elisabeth"]
[Black "Schinwald, Eva"]
[Result "1-0"]
[WhiteElo "1160"]
[BlackElo "800"]
[PlyCount "75"]
[EventDate "2021.10.25"]
[EventType "swiss"]
[EventRounds "7"]
[EventCountry "AUT"]
[SourceTitle "EXT 2023"]
[Source "ChessBase"]
[SourceDate "2022.10.05"]
[SourceVersion "1"]
[SourceVersionDate "2022.10.05"]
[SourceQuality "1"]

1. c4 e5 2. Nc3 c6 3. g3 Bc5 4. Bg2 d6 5. e3 Nf6 6. Nge2 Be6 7. b3 d5 8. d3 0-0 9. 0-0 d4 10. exd4 exd4 11. Ne4 Bf5 12. Nxc5 Qe7 13. Na4 Qb4 14. Nxd4 Bg4 15. Nf3 Qa5 16. Bd2 Qf5 17. Bb4 Rd8 18. Nb2 Na6 19. Bc3 Nc5 20. d4 Ne6 21. Re1 Bh5 22. Re5 Qg4 23. h3 Qg6 24. Qd3 Qxd3 25. Nxd3 Rd7 26. g4 Bg6 27. Rd1 Ne4 28. Bb2 c5 29. d5 Nc7 30. Nd2 Nf6 31. Re3 Kf8 32. Bxf6 gxf6 33. Ne4 Kg7 34. Nexc5 Rdd8 35. Nxb7 Rdb8 36. Nbc5 Rd8 37. Re7 Ne8 38. Ne6+ 1-0

[Event "AUT-ch U10 Girls Online Rapid"]
[Site "Playchess.com INT"]
[Date "2020.12.13"]
[Round "2"]
[White "Wiessner, Elisabeth"]
[Black "Huber, Elisa"]
[Result "1-0"]
[WhiteElo "1575"]
[BlackElo "1612"]
[PlyCount "57"]
[EventDate "2020.12.13"]
[EventType "swiss (rapid)"]
[EventRounds "7"]
[EventCountry "AUT"]
[SourceTitle "EXT 2022"]
[Source "ChessBase"]
[SourceDate "2021.10.06"]
[SourceVersion "1"]
[SourceVersionDate "2021.10.06"]
[SourceQuality "1"]

1. e4 e5 2. Nf3 Nf6 3. Nxe5 d6 4. Nf3 Nxe4 5. Qe2 Qe7 6. d3 Nf6 7. Be3 Nc6 8. Nc3 Bg4 9. h3 Bh5 10. g4 Bg6 11. g5 Nd7 12. Nd5 Qd8 13. Bg2 Be7 14. 0-0-0 f6 15. gxf6 Bxf6 16. Nxf6+ Qxf6 17. Bg5+ Qe6 18. Qxe6+ Kf8 19. Qxd7 Be8 20. Qxc7 b6 21. Qxd6+ Kg8 22. Qd5+ Bf7 23. Qxc6 Re8 24. Rde1 Kf8 25. Rxe8+ Bxe8 26. Qd6+ Kg8 27. Re1 Bf7 28. Qd8+ Be8 29. Qxe8# 1-0

[Event "AUT-ch U10 Girls Online Blitz"]
[Site "Playchess.com INT"]
[Date "2020.12.11"]
[Round "3"]
[White "Steinhofer, Emma"]
[Black "Wiessner, Elisabeth"]
[Result "1-0"]
[WhiteElo "1571"]
[BlackElo "1490"]
[PlyCount "47"]
[EventDate "2020.12.11"]
[EventType "swiss (blitz)"]
[EventRounds "7"]
[EventCountry "AUT"]
[SourceTitle "EXT 2022"]
[Source "ChessBase"]
[SourceDate "2021.10.06"]
[SourceVersion "1"]
[SourceVersionDate "2021.10.06"]
[SourceQuality "1"]

1. e4 e5 2. Nf3 Nc6 3. Bc4 Bc5 4. c3 Nf6 5. d4 exd4 6. cxd4 Bb4+ 7. Nc3 Nxe4 8. 0-0 Bxc3 9. bxc3 0-0 10. Qd3 Nf6 11. Bb3 Ne7 12. Bg5 Nc6 13. Bc2 g6 14. d5 Nb8 15. Qd4 d6 16. Bh6 Bf5 17. Bxf5 gxf5 18. Bxf8 Kxf8 19. Rfe1 c5 20. Qf4 Nbd7 21. Qxf5 Nb6 22. Ng5 Nbxd5 23. Re4 Nxe4 24. Qxf7# 1-0

[Event "AUT-ch U10 Girls"]
[Site "St Kanzian"]
[Date "2019.06.22"]
[Round "5"]
[White "Bernhart, Alexandra"]
[Black "Wiessner, Elisabeth"]
[Result "0-1"]
[WhiteElo "800"]
[BlackElo "918"]
[PlyCount "82"]
[EventDate "2019.06.21"]
[EventType "swiss"]
[EventRounds "7"]
[EventCountry "AUT"]
[SourceTitle "CBM 191 Extra"]
[Source "ChessBase"]
[SourceDate "2019.09.30"]
[SourceVersion "1"]
[SourceVersionDate "2019.09.30"]
[SourceQuality "1"]

1. d4 d5 2. c4 dxc4 3. Nc3 Nf6 4. e3 Bf5 5. Bxc4 e6 6. Nf3 Bd6 7. 0-0 0-0 8. Re1 Nc6 9. a3 Re8 10. b4 a6 11. a4 Bxb4 12. Bb2 Bxc3 13. Bxc3 Ne4 14. Bb2 Ng5 15. Ba3 Nxf3+ 16. Qxf3 Rb8 17. Qg3 b5 18. Bb2 bxc4 19. Bc3 Rb3 20. Bd2 Qd6 21. Qg5 Reb8 22. e4 Bg6 23. Bf4 Qe7 24. Qg4 Nxd4 25. Be5 Nc2 26. Kf1 Nxe1 27. Kxe1 Rb1+ 28. Rxb1 Rxb1+ 29. Ke2 Qb4 30. Bd4 c3 31. e5 c2 32. Qg5 c1Q 33. Qd8+ Qf8 34. Qd7 h6 35. Be3 Qc2+ 36. Kf3 Bh5+ 37. g4 Bg6 38. Kg3 Qa8 39. g5 Rg1+ 40. Kh4 Qae4+ 41. Kh3 Bf5# 0-1

[Event "AUT-ch U08 Girls"]
[Site "St Kanzian"]
[Date "2018.06.01"]
[Round "2.2"]
[White "Wagner, Francesca Eleonora"]
[Black "Wiessner, Elisabeth"]
[Result "1-0"]
[WhiteElo "800"]
[BlackElo "800"]
[PlyCount "77"]
[EventDate "2018.06.01"]
[EventType "swiss"]
[EventRounds "7"]
[EventCountry "AUT"]
[SourceTitle "EXT 2024"]
[Source "ChessBase"]
[SourceDate "2023.10.10"]
[SourceVersion "1"]
[SourceVersionDate "2023.10.10"]
[SourceQuality "1"]

1. e4 c5 2. Nf3 Nc6 3. Nc3 d6 4. Bb5 Bd7 5. 0-0 e5 6. d3 Nf6 7. Bg5 Be7 8. Nd5 Nxd5 9. exd5 Nd4 10. Bxd7+ Qxd7 11. Bxe7 Nxf3+ 12. Qxf3 Qxe7 13. Qg3 0-0 14. Rfe1 Rae8 15. Re4 h6 16. Rg4 g5 17. Rc4 b5 18. Re4 Qb7 19. b4 Qxd5 20. bxc5 Qxc5 21. Qh3 Qxc2 22. Re3 Rc8 23. g3 Rc3 24. Qxh6 Rxd3 25. Qxg5+ Kh7 26. Re4 Rd4 27. Rh4+ Rxh4 28. Qxh4+ Kg8 29. Re1 Qxa2 30. Re4 Qb1+ 31. Kg2 Rc8 32. f3 Rc1 33. Kh3 Rf1 34. Qh6 f5 35. Rh4 Kf7 36. Rh5 Rxf3 37. Rg5 Qg1 38. Rg7+ Kf8 39. Qh8# 1-0